[Event "Anapa op"]
[Site "Anapa"]
[Date "2008.09.08"]
[Round "9"]
[White "Natacheev, Peter"]
[Black "Azarov, Vladimir"]
[Result "1/2-1/2"]
[WhiteElo "2185"]
[BlackElo "2214"]
[PlyCount "44"]
[EventDate "2008.08.31"]
[EventType "swiss"]
[EventRounds "9"]
[EventCountry "RUS"]
[SourceTitle "EXT 2010"]
[Source "ChessBase"]
[SourceDate "2010.11.25"]
[SourceVersion "1"]
[SourceVersionDate "2010.11.25"]
[SourceQuality "1"]

1. e4 c5 2. c3 d5 3. exd5 Qxd5 4. d4 Nc6 5. Nf3 Bg4 6. Be2 cxd4 7. cxd4 e6 8. 0-0 Nf6 9. Nc3 Qd6 10. Be3 Be7 11. Qd2 0-0 12. Bf4 Qd8 13. Rfd1 Nb4 14. Be5 Nbd5 15. Rac1 Rc8 16. a3 Nxc3 17. Rxc3 Qd7 18. Bxf6 Bxf6 19. Ne5 Bxe5 20. Bxg4 Rxc3 21. bxc3 Bc7 22. Qb2 Rd8 1/2-1/2

[Event "Anapa op"]
[Site "Anapa"]
[Date "2008.08.31"]
[Round "1"]
[White "Frolov, Lev"]
[Black "Azarov, Vladimir"]
[Result "0-1"]
[WhiteElo "1635"]
[BlackElo "2214"]
[PlyCount "64"]
[EventDate "2008.08.31"]
[EventType "swiss"]
[EventRounds "9"]
[EventCountry "RUS"]
[SourceTitle "EXT 2010"]
[Source "ChessBase"]
[SourceDate "2010.11.25"]
[SourceVersion "1"]
[SourceVersionDate "2010.11.25"]
[SourceQuality "1"]

1. d4 d5 2. c4 c6 3. Nf3 Nf6 4. Nc3 e6 5. Bf4 dxc4 6. e4 Bb4 7. Bg5 Qa5 8. Bxf6 Bxc3+ 9. bxc3 Qxc3+ 10. Nd2 gxf6 11. Rc1 Qxd4 12. Rxc4 Qd6 13. Rc3 Nd7 14. Be2 Ne5 15. g3 0-0 16. f4 Nd7 17. Qc2 Rd8 18. 0-0 Nb6 19. Nf3 Bd7 20. e5 Qe7 21. Bc4 Rac8 22. Rc1 Be8 23. exf6 Qxf6 24. Ng5 h6 25. Qh7+ Kf8 26. Ne4 Qg7 27. Qxg7+ Kxg7 28. Nc5 Nxc4 29. Nxb7 Nb6 30. Nxd8 Rxd8 31. R1c2 Kf6 32. Rc5 Rd5 0-1

[Event "Volgodonsk op"]
[Site "Volgodonsk"]
[Date "2007.07.27"]
[Round "9"]
[White "Petrushin, Alexander I"]
[Black "Azarov, Vladimir"]
[Result "1-0"]
[WhiteElo "2474"]
[BlackElo "2113"]
[PlyCount "79"]
[EventDate "2007.07.19"]
[EventType "swiss"]
[EventRounds "9"]
[EventCountry "RUS"]
[SourceTitle "EXT 2010"]
[Source "ChessBase"]
[SourceDate "2010.11.25"]
[SourceVersion "1"]
[SourceVersionDate "2010.11.25"]
[SourceQuality "1"]

1. e4 d6 2. d4 Nf6 3. Nc3 g6 4. Be3 Bg7 5. Qd2 c6 6. f3 b5 7. Nge2 Nbd7 8. Nf4 Bb7 9. Be2 Qc7 10. 0-0 a6 11. a4 0-0 12. Rfd1 Rfd8 13. Bf1 e5 14. dxe5 dxe5 15. Nd3 Bf8 16. Qf2 b4 17. Na2 c5 18. b3 a5 19. Nb2 c4 20. Bxc4 Nc5 21. Kh1 Kg7 22. Nd3 Nxa4 23. Bb5 Nc3 24. Nxc3 Qxc3 25. Bc4 a4 26. Rac1 Ba6 27. Qh4 Be7 28. Bd2 Qd4 29. c3 Qb6 30. Bh6+ Kg8 31. Nxe5 Bxc4 32. Nxc4 Qe6 33. cxb4 axb3 34. Rxd8+ Rxd8 35. Qe1 Rc8 36. Nb2 Rxc1 37. Qxc1 Bxb4 38. Qc7 Ne8 39. Qd8 Bc3 40. Na4 1-0